I am Rosa Parks / (Registro nro. 3478)
[ vista simple ]
| 000 -LEADER | |
|---|---|
| fixed length control field | 00922nam a2200241Ia 4500 |
| 003 - CONTROL NUMBER IDENTIFIER | |
| control field | OSt |
| 005 - DATE AND TIME OF LATEST TRANSACTION | |
| control field | 20250710145559.0 |
| 008 - FIXED-LENGTH DATA ELEMENTS--GENERAL INFORMATION | |
| fixed length control field | 191128t1997 -no er 000 f eng d |
| 020 ## - INTERNATIONAL STANDARD BOOK NUMBER | |
| International Standard Book Number | 141307102 |
| 040 ## - CATALOGING SOURCE | |
| Original cataloging agency | CO-JMCR |
| Transcribing agency | CO-JMCR |
| 041 ## - LANGUAGE CODE | |
| Language code of text/sound track or separate title | eng |
| 082 04 - DEWEY DECIMAL CLASSIFICATION NUMBER | |
| Classification number | N |
| Item number | PARi |
| 100 1# - MAIN ENTRY--PERSONAL NAME | |
| Personal name | Parks, Rosa, |
| Relator term | autor |
| 9 (RLIN) | 10233 |
| 245 10 - TITLE STATEMENT | |
| Title | I am Rosa Parks / |
| Remainder of title | Rosa Parks |
| 260 ## - PUBLICATION, DISTRIBUTION, ETC. | |
| Place of publication, distribution, etc. | Estados Unidos : |
| Name of publisher, distributor, etc. | Puffin Easy, |
| Date of publication, distribution, etc. | ©1997 |
| 300 ## - PHYSICAL DESCRIPTION | |
| Extent | 48 páginas : |
| Other physical details | ilustraciones ; |
| Dimensions | 23 cm. |
| 490 0# - SERIES STATEMENT | |
| Series statement | Puffin easy to read |
| 500 ## - GENERAL NOTE | |
| General note | Recomendado para mayores de seis años. |
| 520 ## - SUMMARY, ETC. | |
| Summary, etc. | Un día en 1955, Rosa Parks se negó a ceder su asiento en un autobús a un hombre blanco. Su valiente acto ayudó a iniciar un movimiento para sus derechos. Rosa trabajó mucho para ayudar a los negros a ganar sus derechos. Esta es su historia, en sus propia |
| 546 ## - LANGUAGE NOTE | |
| Language note | eng |
| 650 14 - SUBJECT ADDED ENTRY--TOPICAL TERM | |
| Topical term or geographic name entry element | Literatura estadounidense |
| 9 (RLIN) | 10234 |
| 942 ## - ADDED ENTRY ELEMENTS (KOHA) | |
| Source of classification or shelving scheme | Dewey Decimal Classification |
| Koha item type | Books |
| Withdrawn status | Lost status | Source of classification or shelving scheme | Damaged status | Not for loan | Collection code | Home library | Current library | Date acquired | Source of acquisition | Total Checkouts | Full call number | Barcode | Date last seen | Date last checked out | Copy number | Koha item type |
|---|---|---|---|---|---|---|---|---|---|---|---|---|---|---|---|---|
| Dewey Decimal Classification | Fiction | Biblioteca Pública José María del Castillo y Rada | Biblioteca Pública José María del Castillo y Rada | 11/28/2019 | Donación | 4 | N PARi | 201807330 | 03/31/2026 | 03/31/2026 | Ej.1 | Books |